Morfología de las plantas y los hongos /
Guardado en:
| Autor Principal: | |
|---|---|
| Otros Autores: | , |
| Formato: | Libro |
| Publicado: |
Barcelona :
Omega,
1989
|
| Materias: | |
| Etiquetas: |
Agregar Etiqueta
Sin Etiquetas, Sea el primero en etiquetar este registro!
|
| LEADER | 02303nam a22002175a 4500 | ||
|---|---|---|---|
| 001 | CEM.cems017531 | ||
| 005 | 20110509093935.0 | ||
| 008 | 130507s1989##################000#0#####d | ||
| 003 | CEMS | ||
| 020 | |a 8428207542 | ||
| 082 | 0 | 4 | |a 588 |
| 100 | 1 | |a Bold, Harold C. | |
| 245 | 1 | 0 | |a Morfología de las plantas y los hongos / |c Harold C. Bold, Constantine J. Alexopoulos y Theodore Delevoryas |
| 260 | |a Barcelona : |b Omega, |c 1989 | ||
| 300 | |a 911 p. | ||
| 505 | 0 | |a Las partes de las ciencias de las plantas -- El Superreino Procariontes, el reino Moneras: Bacterios y Cianófitos -- Introducción al superreino Eucariontes y al reino Fitos -- Introducción a las Algas, división Clorófitos -- División Carófitos -- División Euglenófilos -- División Feófitos -- División Crisófitos y Pirrófitos -- División Rodófitos -- Las Algas: recapitualación -- Introducción a las plantas terrestres: divisiones Hepatófitas y Antocerotófitos -- División Briófitos -- Introducción a las plantas vasculares -- Criptógamas vasculares I: División Microfilófitos -- Criptógamas vasculares II: División Artrófitos -- Criptógamas vasculares III: División Pteridófitos I -- Criptógamas vasculares IV: División Pteridófitos II -- Criptógamas vasculares V: División Pteridófitos III -- Criptógamas vasculares VI: división Psilotófitos -- Criptógamas vasculares: resumen y registro fósil -- Introducción a las plantas con semillas, división Cicadófitos -- División Ginkgófitos -- División Coniferófitos -- División Gnetófitos -- Gimnospermas: recapitulación y registro fósil -- División Antófitos I -- División Antófitos II -- Introducción al reino Miceteas (hongos) -- División Mastigomicotes: los hongos mucilaginosos -- Hongos con nutrición por absorción -- División Mastigomicotes: los hongos flagelados -- División Amastigomicotes I: Sudivisión Zigomicotinas -- División Amastigomicotes II: Subdivisión Ascomitocinas -- División Amastigomicotes III: Subdivisión Basidiomicotinas -- División Amastigomicotes IV: Subdivisión Deuteromicotinas -- Los líquenes | |
| 653 | |a Plantas-morfología | ||
| 653 | |a Hongos-morfología | ||
| 700 | 1 | |a Alexopoulos, Constantine J. | |
| 700 | 1 | |a Delevoryas, Theodore | |
| 859 | |a CEMS |b BIB. CEMS - Agricultura |h 588 |i B687 |p A1323.11 |t Ej.1 | ||
